000 02511nam0a2200421 4500
001 RU\NLR\bibl\1836726
005 20260426063008.0
010 _a978-5-321-01994-8
_9100
021 _aRU
_b2011-85237
_96072
035 _a(nilc)RSL-KNO-005065939
035 _a(NLR Aleph) 001827211
090 _a2087871
_c2087871
100 _a20111031d2011 |||y0rusy50 ca
101 0 _arus
102 _aRU
105 _aa |||||||||
200 1 _aМатематическое и компьютерное исследование некоторых задач теории функционально-дифференциальных уравнений: о кривых, определяемых функционально-дифференциальными уравнениями
_eмонография
_f[А.В. Ким, В.М. Кормышев, О.Б. Квон и др.]
_gМ-во образования и науки Российской Федерации, Уральский федеральный ун-т им. первого Президента Б. Н. Ельцина
210 _aЕкатеринбург
_cУрФУ
_d2011
215 _a103 с.
_cил.
_d20
300 _aЗагл. обл.: Mathematical and computer investigation of some problems of the functional differential equation theory : монография
300 _aАвт. указаны на обл.
320 _aБиблиогр.: с. 101-103 (28 назв.)
512 1 _aMathematical and computer investigation of some problems of the functional differential equation theory
_zeng
606 1 _aФункционально-дифференциальные уравнения
_xТеория
_91919228
_3RU\NLR\auth\661164151
610 0 _aфункционально-дифференциальные уравнения
686 _aВ161.922-7,0
_2rubbk
686 _aВ161.922
701 1 _aКим
_bА. В.
_gАркадий Владимирович
_4070
701 1 _aКормышев
_bВ. М.
_gВалентин Михайлович
_4070
701 1 _4070
_8rus
_7ca
_aКвон
_bО-б.
_gО-Бок
_3RU\NLR\auth\77112963
_995888
712 0 2 _4570
_aУральский федеральный университет им. первого Президента России Б. Н. Ельцина
_cЕкатеринбург
_3RU\NLR\AUTH\8810168127
_9832088
801 0 _aRU
_bRuMoRKP
_c20111031
_grcr
801 1 _aRU
_bРГБ
_c20111031
801 2 _aRU
_bNLR
_c20111121
_grcr
942 _cBOOK
980 _aNB
980 _aNBR